000
00257nam a2200109Ia 4500
008
190216s9999||||xx |||||||||||||| ||und||
100
_a
Surendran K
245
0
_a
Noval Swaroopam
260
_b
National Book Stall
650
_a
Malayalam Nadakam
942
_c
BK
999
_c
24374
_d
24374